Human Resource Selection (Record no. 219)
[ view plain ]
| 000 -LEADER | |
|---|---|
| fixed length control field | 01251nam a2200157 4500 |
| 020 ## - INTERNATIONAL STANDARD BOOK NUMBER | |
| ISBN | 003063962x |
| 050 ## - CALL NUMBER | |
| Classification number | HF5549 |
| Item number | .5.S38G37 |
| 100 ## - AUTHOR | |
| Personal name | Gatewood D. Robert, Field S. Hubert. |
| 245 ## - TITLE | |
| Title | Human Resource Selection |
| 260 ## - PUBLICATION INFORMATION | |
| Place of publication | New York; |
| Name of publisher | Dryden Press, |
| Year of publication | 2008. |
| 300 ## - DESCRIPTION | |
| Number of Pages | xvii; 541 p. |
| Other physical details | ill. |
| Dimensions | 23.5 cm |
| 500 ## - NOTES | |
| General note | Includes index. |
| 505 ## - FORMATTED CONTENTS NOTE | |
| Table of Content | Chapter. 1. An introduction to selection --<br/>Chapter.. 2. Legal issues in selection --<br/>Chapter.. 3. Human resource measurement in selection --<br/>Chapter.. 4. Reliability of selection measures --<br/>Chapter.. 5. Validity of selection measures --<br/>Chapter.. 6. Preparing for job analysis --<br/>Chapter.. 7. Applying job analysis techniques --<br/>Chapter.. 8. Incorporating job analysis results in selection measures --<br/>Chapter.. 9. Application forms, training and experience evaluations, and reference checks --<br/>Chapter.. 10. Weighted application blanks and biographical data --<br/>Chapter.. 11. The selection interview --<br/>Chapter.. 12. Ability tests --<br/>Chapter.. 13. Personality assessment --<br/>Chapter.. 14. Performance tests and assessment centers --<br/>Chapter.. 15.Measurement of worker performance --<br/>Chapter.. 16. The human resource selection audit. |
| 650 ## - SUBJECTS | |
| Topical Term | Employee Selection. |
| 942 ## - ADDED ENTRY ELEMENTS (KOHA) | |
| Koha item type | Books |
| Withdrawn status | Lost status | Home library | Current library | Shelving location | Date acquired | Full call number | Accession Number | Koha item type |
|---|---|---|---|---|---|---|---|---|
| Methodist University Library Tema | Methodist University Library Tema | General Stacks | 24/01/2006 | HF5549 .5.S38G37 | 21308 | Books |